[Event "GER-chT U12"]
[Site "Arendsee"]
[Date "2009.12.27"]
[Round "2.1"]
[White "Suer, Maximilian"]
[Black "Imcke, Patrick"]
[Result "0-1"]
[WhiteElo "1153"]
[BlackElo "1745"]
[PlyCount "154"]
[EventDate "2009.12.27"]
[EventType "team-swiss"]
[EventRounds "7"]
[EventCountry "GER"]
[SourceTitle "EXT 2022"]
[Source "ChessBase"]
[SourceDate "2021.10.06"]
[SourceVersion "1"]
[SourceVersionDate "2021.10.06"]
[SourceQuality "1"]
[WhiteTeam "Raesfeld Erle U12"]
[BlackTeam "Katernberg SF U12"]
[WhiteTeamCountry "GER"]
[BlackTeamCountry "GER"]

1. e4 e6 2. d4 d5 3. e5 c5 4. Nf3 cxd4 5. Nxd4 Nc6 6. Bb5 Bd7 7. c3 Nxe5 8. Bxd7+ Qxd7 9. 0-0 Nf6 10. Qe2 Nc6 11. Rd1 Be7 12. Bg5 Nxd4 13. Rxd4 Ne4 14. Bxe7 Qxe7 15. c4 Qc5 16. Qe3 Rc8 17. f3 Nf6 18. Nd2 0-0 19. Nb3 Qb6 20. c5 Qc7 21. Rf1 b6 22. Rc1 Nd7 23. c6 Ne5 24. Qg5 Nxc6 25. Rg4 g6 26. Qh6 Qe5 27. Rh4 Qg7 28. Qd2 Ne7 29. Re1 Nf5 30. Rg4 Rc4 31. Rxc4 dxc4 32. Nc1 Qd4+ 33. Qxd4 Nxd4 34. Re4 Rd8 35. Kf2 b5 36. Re5 Rd5 37. Re3 Kf8 38. Ra3 Rd7 39. Ne2 Nxe2 40. Kxe2 Ke7 41. Ra5 Rb7 42. Kd2 e5 43. Ke3 Kd6 44. Kd2 b4 45. Kc2 f5 46. Kd2 Rc7 47. Rb5 Rd7 48. Ke3 c3 49. Rxb4 Rc7 50. bxc3 Rxc3+ 51. Kd2 Ra3 52. Rb2 Kc5 53. Kc2 e4 54. fxe4 fxe4 55. Kd2 a5 56. Kd1 Kd4 57. Kd2 Rd3+ 58. Ke1 Ra3 59. Kd2 Rd3+ 60. Ke1 Ra3 61. Kd2 h6 62. Ke2 Re3+ 63. Kd1 Ra3 64. Kd2 e3+ 65. Ke1 Kd3 66. Kd1 Rc3 67. h3 e2+ 68. Rxe2 Rc1+ 69. Kxc1 Kxe2 70. Kc2 Kf2 71. Kb3 Kxg2 72. Ka4 Kxh3 73. Kxa5 g5 74. Kb5 g4 75. a4 g3 76. a5 g2 77. a6 g1Q 0-1